Отчет на Държавната земледелска опитна станция в Образцов чифлик край гр. Русе за 1924 г. (Запис номер 167444)
[ съкратено ]
| 000 -Лидер | |
|---|---|
| Контролно поле с фиксирана дължина | 02352nam a2200349 c 4500 |
| 003 - Код на организацията, давaща контролен номер | |
| Контролно поле | BLK |
| 005 - Дата и час на последна редакция | |
| Контролно поле | 20220308143023.0 |
| 008 - Елементи от данни с фиксирана дължина | |
| fixed length control field | 180411b bul|||||r ||||||| ||bul|| |
| 010 ## - Наследен системен номер | |
| LC control number | KNG00175252000 |
| 040 ## - Източник на каталожния запис | |
| Идентификатор на билиотеката - собственик на записа | BLK |
| 041 ## - Код за език | |
| Код за езика на текст/звукозапис или на отделно заглавие | Български |
| Код за езика КДБФ | Български |
| 072 #7 - Код за тематичната категория | |
| Код организация | bullib |
| Код за тематична категория | К |
| Текст | Краезнание |
| 080 ## - УДК | |
| Текстов определител УДК | Селско стопанство. Горско стопанство. Лов. Рибно стопанство |
| УДК код - определител по УДК | 63 |
| УДК определител | :061.6(497.215) |
| УДК - код + определител | 63:061.6(497.215) |
| 110 1# - Редна дума - колетивен орган | |
| Редна дума - наименование на организация или юридическо лице | Земеделска опитна станция. Русе, кв. Образцов чифлик |
| 9 (RLIN) | 2363 |
| 139 ## - Редно поле | |
| Редна дума | Земеделска опитна станция. Русе, кв. Образцов чифлик |
| Авторски знак | Зем - З 54 |
| 245 10 - Сведения за заглавието | |
| Заглавие | Отчет на Държавната земледелска опитна станция в Образцов чифлик край гр. Русе за 1924 г. |
| 257 ## - Страна на издаване | |
| Страна на създаване/издаване | България |
| 260 ## - Област на издателските данни | |
| -- | Русе |
| Име на издателя, разпространителя и проч. | Държ. земед. опитна станция |
| Година на издаване | 1925 |
| Печатница | Русе : печ. Роглев |
| 300 ## - Физическа характеристика | |
| Страници | 78 с. |
| Илюстрации и др. | с табл., к., 8 л.: фотогр. |
| Размери/Мащаб | 23 см |
| 380 ## - Жанр | |
| Жанр | Селско стопанство |
| 500 ## - Общи забележки | |
| Забележка | Изд. на М-вото на земеделието и държ. имоти. Отд. за земеделие и отраслите му. - Съдържа: Рез. на фр. ез., с. 75-76 ; Публ. на персонала на станцията през годината, с. 5. - Персонал: началник инж.-агр. Гавраил Пройчев - до 16.08.1924, заместен от и. д. началник агр. Делчо Тенев, чл.: Върбан Илков - химик, Кирил Ив. Гецов - ръководител на опитното поле, стажанти-агр.: Зора Иванова - до 16.04.1924, Ганчо Добрев - от м. окт. 1923 до м. ян. 1925, Слав Антонов - от 12.02.1924, д-р Дончо Костов - от 23.08.1924 до 1.10.1924. |
| 650 #4 - Допълнително описание по предмет – тема | |
| Основно описание – тема или топоним | Институти, селскостопански - България |
| 9 (RLIN) | 303361 |
| 651 #4 - Допълнително описание по предмет - топоним | |
| Географско понятие | Образцов чифлик |
| 9 (RLIN) | 179295 |
| 653 ## - Ключова дума – ненормативна | |
| Ключова дума | Образцов чифлик |
| 653 ## - Ключова дума – ненормативна | |
| Ключова дума | отчети |
| 659 ## - Тематичен бюлетин | |
| Тематичен бюлетин | К |
| 852 ## - Местоположение | |
| Форматна сигнатура | Цб 123344 |
| 856 4# - Електронен адрес и достъп | |
| Електронен формат | pdf - файл |
| Път до файла /url/ | |
| 856 4# - Електронен адрес и достъп | |
| Електронен формат | pdf - файл |
| Път до файла /url/ | |
| 942 ## - АРТИКУЛИ | |
| Вид на библиотечния материал | Книги |
| Скрит в OPAC | Не |
| 944 ## - СЪЗДАВАНЕ И РЕДАКЦИЯ на ЗАПИСА | |
| Създаване/Редакция | Създаване |
| Дата на регистрацията/редакция | 14.05.2015 |
| Служител, извършил регистрацията/редакцията | Валя_Йорданова |
| 944 ## - СЪЗДАВАНЕ И РЕДАКЦИЯ на ЗАПИСА | |
| Създаване/Редакция | Редакция |
| Дата на регистрацията/редакция | 14.05.2015 |
| Служител, извършил регистрацията/редакцията | Валя_Йорданова |
| 999 ## - СИСТЕМНИ КОНТРОЛНИ НОМЕРА | |
| Koha biblionumber | 167444 |
| Koha biblioitemnumber | 167444 |
| Код за отписване | Код за изгубен артикул | Източник на класификационната схема | Код за повреда | Коз за рестрикции | Код за отдаване | Артикулен № | Име на библиотеката - собственик | Име на библиотеката, в която се намира в момента | Статус (Текущо местоположение) | Дата на вписване в системата | Местоположение - отдел | Цена в лева | Инвентарен номер | Систематично азбучна сигнатура | Баркод | Номер на екземпляра | Цена в евро | Служебна бележка | Служебен тип на артикула |
|---|---|---|---|---|---|---|---|---|---|---|---|---|---|---|---|---|---|---|---|
| Не е изгубен | Universal Decimal Classification | Не е повреден | без рестрикции | ползва се в читалня | 282062 | Регионална библиотека "Любен Каравелов" Русе | Регионална библиотека "Любен Каравелов" Русе | Краезнание | 1925-01-01 | Краезнание | 2.00 | 378760 | К 63/З-54 | 120000378760 | 1 | 1.02 | N: Сф Дата: 01.01.1925 Дата инв: 10.11.2017 Бележки инв: К2017 | Книги |